000 00649nam a22002177a 4500
003 UA-OsUOA
001 50069
007 ta
008 20071022b un ||||| |||| 00| 0 ukr d
090 _a82.09(477)(072)
_bЖ74
942 _cBK
040 _aUA-OsUOA
_bukr
_cUA-OsUOA
_dUA-OsUOA
245 _aЖиттєдайне слово Івана Маєвського
_bМетодичний посібник для вчителів
300 _a140 с.
955 _a2
041 _aukr
080 _a82.09(477)(072)
260 _aОстрог
_c2007
650 7 _a82 Література. Літературознавство
_2UDC
999 _c336167
_d336167